Contar cuentos : desde la práctica hacia la teoría /
Guardado en:
| Autor Principal: | |
|---|---|
| Formato: | Libro |
| Publicado: |
Buenos Aires :
Paidós,
1999
|
| Series: | Biblioteca Cuestiones de Educación
|
| Materias: | |
| Etiquetas: |
Agregar Etiqueta
Sin Etiquetas, Sea el primero en etiquetar este registro!
|
| LEADER | 00812nam a22002295a 4500 | ||
|---|---|---|---|
| 001 | CEM.cems013266 | ||
| 005 | 20100224100341.0 | ||
| 008 | 130507s1999##################000#0#####d | ||
| 003 | CEMS | ||
| 020 | |a 950126128X | ||
| 082 | 0 | 4 | |a 372.24 |
| 100 | 1 | |a Padovani, Ana | |
| 245 | 1 | 0 | |a Contar cuentos : |b desde la práctica hacia la teoría / |c Ana Padovani |
| 260 | |a Buenos Aires : |b Paidós, |c 1999 | ||
| 300 | |a 205 p. | ||
| 490 | 0 | |a Biblioteca Cuestiones de Educación | |
| 505 | 0 | |a Distintas formas narrativas -- Los cuentos tradicionales -- Los cuentos literarios -- Cómo contar cuentos -- Los tesoros del narrador | |
| 653 | |a Literatura infantil-didáctica | ||
| 653 | |a Educación | ||
| 653 | |a Cuentos | ||
| 653 | |a Didáctica-literatura infantil | ||
| 859 | |a CEMS |b BIB. CEMS - 11 de abril |h 372.24 |i P136 |p 25766.10 |t Ej.1 | ||
